000 00966cam a2200337 4500
001 ABS65703
008 020729n2002 000 0 eng u
035 _a(Sirsi) u119092
245 _aRegional survey: West Midlands
260 _c2002
490 _aProperty Week
_v67(29) 26 July 2002, 43-58(9)
590 _aABS
650 _aWEST MIDLANDS
650 _aM42 CORRIDOR
650 _aBIRMINGHAM
650 _aINDUSTRIAL MARKET
650 _aSOLIHULL
650 _aPROPERTY-COMMERCIAL PROPERTY-RETAIL PROPERTY-RETAIL PROPERTY MARKET
650 _aPROPERTY-COMMERCIAL PROPERTY-OFFICE PROPERTY-OFFICE PROPERTY MARKET
650 _aCOVENTRY
650 _aLEAMINGTON SPA
650 _aMERRY HILL
650 _aNUNEATON
650 _aRUGBY
650 _aSTRATFORD-UPON-AVON
650 _aSUTTON COLDFIELD
650 _aWALSALL
650 _aWOLVERHAMPTON
690 _aPROPERTY-COMMERCIAL PROPERTY-COMMERCIAL PROPERTY MARKET
942 _n0
999 _c70838
_d70838